000 00928nam a2200265Ia 4500
003 OSt
005 20220923211009.0
006 a|||||r|||| 00| 0
007 ta
008 220922b |||||||| |||| 00| 0 hin d
020 _a8170286743 (hbk)
_c295
024 _a262,139
037 _b70, 02/07/2012, Eastern Book Linkers
_cTextual
040 _aARTS
_cARTS
_bhin
041 _2hin
_ahin
082 _aXxN33IV, 152P6
100 _aसेन, अमर्त्य
_9156975
245 0 _aहिंसा और अस्मिता संकट
246 _aHiansā aur asmitā sankaṭa
260 _aदिल्ली
_b राजपाल
_c2006
300 _a191पृ.
_ccm.
650 _aभारतीय अर्थव्यवस्था
_9156976
942 _hXxN33IV, 152P6
_cTEXL
_2CC
999 _c293684
_d293684